| 000 | 00742nam a22002297a 4500 | ||
|---|---|---|---|
| 003 | BD-DhJNU | ||
| 005 | 20250408062941.0 | ||
| 008 | 250408b |||||||| |||| 00| 0 eng d | ||
| 020 | _a9781138492899 | ||
| 020 | _a9781138492929 | ||
| 020 | _a9781138492905 | ||
| 040 |
_aBD-DhJNU _bENG _cBD-DhJNU _dBD-DhJNU |
||
| 082 |
_223 _a302.23 HAN |
||
| 245 |
_aA handbook of media and communication research : _bqualitative and quantitative methodologies / _cedited by Klaus Bruhn Jensen |
||
| 250 | _a3rd ed. | ||
| 260 |
_aLondon : _bRoutledge, _c2021. |
||
| 300 |
_axiii, 512p. : _bill. ; _c25 cm. |
||
| 650 | _aHumanities Methodology | ||
| 650 | _aSocial Sciences Methodology | ||
| 700 |
_aJensen, Klaus Bruhn _eeditor |
||
| 942 |
_2ddc _cBK _n0 |
||
| 999 |
_c1548 _d1548 |
||